[Event "Arak op (Women) 15th"]
[Site "Arak"]
[Date "2012.07.17"]
[Round "7"]
[White "Alavi Hour, Homa"]
[Black "Nabavi Tafreshi, Nasim"]
[Result "1-0"]
[WhiteElo "1995"]
[BlackElo "1781"]
[PlyCount "43"]
[EventDate "2012.07.13"]
[EventType "swiss"]
[EventRounds "11"]
[EventCountry "IRI"]
[SourceTitle "CBM 149 Extra"]
[Source "ChessBase"]
[SourceDate "2012.08.24"]
[SourceVersion "1"]
[SourceVersionDate "2012.08.24"]
[SourceQuality "1"]

1. d4 d5 2. c4 e6 3. Nc3 Nf6 4. Bg5 Nbd7 5. e3 Be7 6. Qc2 a6 7. cxd5 exd5 8. Bd3 c6 9. Nge2 h6 10. Bh4 0-0 11. 0-0 Re8 12. f3 Bd6 13. Bf2 Qc7 14. h3 Nh5 15. e4 dxe4 16. fxe4 Ng3 17. Bxg3 Bxg3 18. Bc4 Rf8 19. e5 Bh4 20. Qe4 Bg5 21. e6 fxe6 22. Qxe6+ 1-0

[Event "Arak op (Women) 15th"]
[Site "Arak"]
[Date "2012.07.14"]
[Round "3"]
[White "Alijanzadeh, Mohaddeseh"]
[Black "Alavi Hour, Homa"]
[Result "0-1"]
[WhiteElo "1749"]
[BlackElo "1995"]
[PlyCount "96"]
[EventDate "2012.07.13"]
[EventType "swiss"]
[EventRounds "11"]
[EventCountry "IRI"]
[SourceTitle "CBM 149 Extra"]
[Source "ChessBase"]
[SourceDate "2012.08.24"]
[SourceVersion "1"]
[SourceVersionDate "2012.08.24"]
[SourceQuality "1"]

1. e4 c5 2. Nc3 Nc6 3. g3 g6 4. Bg2 Bg7 5. Nge2 e6 6. 0-0 Nge7 7. d3 0-0 8. Be3 Nd4 9. Qd2 d6 10. Nd1 Rb8 11. c3 Nxe2+ 12. Qxe2 b6 13. f4 Bb7 14. g4 f5 15. h3 Qc7 16. Nf2 Rbe8 17. Rae1 Bc6 18. Bc1 Qb7 19. Nh1 b5 20. Ng3 b4 21. c4 Qc7 22. Kh2 Kh8 23. h4 e5 24. h5 Qd8 25. hxg6 exf4 26. Nxf5 Nxf5 27. gxf5 Qh4+ 28. Kg1 Bd4+ 29. Rf2 Rxf5 30. Qf3 hxg6 31. Kf1 Bxf2 32. Qxf2 Qxf2+ 33. Kxf2 Rf7 34. Kf3 g5 35. Bh3 Bd7 36. Rh1 Bxh3 37. Rxh3+ Rh7 38. Rxh7+ Kxh7 39. b3 Kg6 40. Kg4 Rh8 41. a4 Rh4+ 42. Kf3 Rh3+ 43. Ke2 Kh5 44. Bd2 Kg4 45. Be1 Rh2+ 46. Bf2 f3+ 47. Ke3 a5 48. Bg1 Re2# 0-1

[Event "Asia-ch (Women)"]
[Site "Mashhad"]
[Date "2011.05.09"]
[Round "8"]
[White "Hejazipour, Mitra"]
[Black "Alavi Hour, Homa"]
[Result "0-1"]
[WhiteElo "2240"]
[BlackElo "2008"]
[PlyCount "76"]
[EventDate "2011.05.02"]
[EventType "swiss"]
[EventRounds "9"]
[EventCountry "IRI"]
[SourceTitle "CBM 142 Extra"]
[Source "ChessBase"]
[SourceDate "2011.06.27"]
[SourceVersion "1"]
[SourceVersionDate "2011.06.27"]
[SourceQuality "1"]

1. Nf3 d5 2. c4 c6 3. e3 Nf6 4. d4 e6 5. Nbd2 Nbd7 6. Bd3 dxc4 7. Nxc4 b5 8. Nce5 Nxe5 9. Nxe5 Bb7 10. 0-0 a6 11. a4 Bd6 12. Nf3 Qc7 13. e4 e5 14. axb5 axb5 15. Rxa8+ Bxa8 16. dxe5 Bxe5 17. Nxe5 Qxe5 18. Qe2 0-0 19. b4 Re8 20. Bb2 Qe7 21. Bxf6 Qxf6 22. Qc2 Qd4 23. Qb3 g6 24. Rd1 Qe5 25. Bb1 Qe7 26. Ba2 Bb7 27. Rd6 Bc8 28. Qf3 Bf5 29. Rd4 Qa7 30. Qd1 Bxe4 31. Rd2 Bf5 32. h3 Qe7 33. g4 Qe1+ 34. Qxe1 Rxe1+ 35. Kg2 Be6 36. Bxe6 Rxe6 37. Kf3 Kg7 38. Rd7 h6 0-1

[Event "Asia-ch (Women)"]
[Site "Mashhad"]
[Date "2011.05.08"]
[Round "7"]
[White "Asgarizadeh, Minoo"]
[Black "Alavi Hour, Homa"]
[Result "0-1"]
[WhiteElo "2029"]
[BlackElo "2008"]
[PlyCount "96"]
[EventDate "2011.05.02"]
[EventType "swiss"]
[EventRounds "9"]
[EventCountry "IRI"]
[SourceTitle "CBM 142 Extra"]
[Source "ChessBase"]
[SourceDate "2011.06.27"]
[SourceVersion "1"]
[SourceVersionDate "2011.06.27"]
[SourceQuality "1"]

1. e4 c5 2. Nf3 e6 3. d4 cxd4 4. Nxd4 a6 5. Nc3 Qc7 6. Be2 b5 7. 0-0 b4 8. Na4 Bb7 9. Bf3 Bd6 10. g3 Nf6 11. Re1 Nc6 12. c3 h5 13. Bg5 Nh7 14. Be3 h4 15. Nb6 hxg3 16. hxg3 Rd8 17. Nc4 Be7 18. Qe2 bxc3 19. bxc3 Ng5 20. Bxg5 Bxg5 21. Rab1 Ke7 22. Nf5+ exf5 23. exf5+ Kf8 24. Bd5 Nd4 25. Qe4 Bxd5 26. Qxd5 Nf3+ 27. Qxf3 Qxc4 28. Rb7 Rh6 29. Re4 Qxa2 30. Rd4 Qa1+ 31. Rd1 Qa4 32. Rc7 Kg8 33. Kg2 Bf6 34. Qe2 Qb5 35. Qf3 a5 36. c4 Qa4 37. Qe2 d6 38. Qd3 Qe8 39. Rd2 Qe1 40. Rd1 Qe5 41. f4 Qc3 42. Qd5 Rb8 43. Rd3 Qe1 44. Kf3 Qf1+ 45. Kg4 Qh3+ 46. Kf3 Qh1+ 47. Ke3 Re8+ 48. Kd2 Rh2+ 0-1

[Event "Asia-ch (Women)"]
[Site "Mashhad"]
[Date "2011.05.06"]
[Round "5"]
[White "Alavi Hour, Homa"]
[Black "Vardkar, Mariam"]
[Result "1-0"]
[WhiteElo "2008"]
[BlackElo "1886"]
[PlyCount "97"]
[EventDate "2011.05.02"]
[EventType "swiss"]
[EventRounds "9"]
[EventCountry "IRI"]
[SourceTitle "CBM 142 Extra"]
[Source "ChessBase"]
[SourceDate "2011.06.27"]
[SourceVersion "1"]
[SourceVersionDate "2011.06.27"]
[SourceQuality "1"]

1. d4 d5 2. c4 e6 3. Nc3 c6 4. e3 Nf6 5. Qc2 Nbd7 6. Nf3 Bd6 7. Be2 dxc4 8. Bxc4 Qe7 9. e4 e5 10. d5 cxd5 11. exd5 0-0 12. 0-0 Nb6 13. Bb3 Bg4 14. Nd2 Rac8 15. Qd3 Nfd7 16. Nde4 Nc5 17. Nxc5 Rxc5 18. Be3 Rcc8 19. Rfe1 Qh4 20. Ne4 Bb4 21. Bd2 Bxd2 22. Nxd2 Qh5 23. Qg3 Rfe8 24. Ne4 Qg6 25. h3 f5 26. Nc3 Bh5 27. Qxg6 Bxg6 28. Nb5 Rc5 29. Nd6 Re7 30. Rac1 Rxc1 31. Rxc1 Rd7 32. Nc8 Nxc8 33. Rxc8+ Kf7 34. Ba4 Rd6 35. Rc7+ Kf6 36. Rxb7 a6 37. Bc6 Bf7 38. Ra7 Bxd5 39. Bxd5 Rxd5 40. Rxa6+ Kg5 41. Kf1 Rd2 42. Rb6 e4 43. a4 f4 44. Rb5+ Kf6 45. Rb3 Ke5 46. a5 Kd4 47. a6 e3 48. fxe3+ fxe3 49. a7 1-0

[Event "Asia Cities-ch 17th"]
[Site "Jakarta"]
[Date "2011.04.27"]
[Round "8.5"]
[White "Alavi Hour, Homa"]
[Black "Citra, Dewi Ardhiani Anast"]
[Result "1-0"]
[WhiteElo "2008"]
[BlackElo "1994"]
[PlyCount "83"]
[EventDate "2011.04.22"]
[EventType "team-swiss"]
[EventRounds "9"]
[EventCountry "INA"]
[SourceTitle "CBM 142 Extra"]
[Source "ChessBase"]
[SourceDate "2011.06.27"]
[SourceVersion "1"]
[SourceVersionDate "2011.06.27"]
[SourceQuality "1"]
[WhiteTeam "Mashhad"]
[BlackTeam "Tarakan"]
[WhiteTeamCountry "IRI"]
[BlackTeamCountry "INA"]

1. d4 Nf6 2. c4 g6 3. Nc3 Bg7 4. e4 d6 5. Be2 0-0 6. Bg5 c5 7. d5 a6 8. Qd2 Re8 9. h4 h5 10. f3 Nbd7 11. g4 b5 12. gxh5 b4 13. Nd1 Nxh5 14. Nf2 Ndf6 15. Ngh3 a5 16. Ng4 Nxg4 17. fxg4 Ng3 18. Rh2 Nxe4 19. Qc2 Nxg5 20. Nxg5 e6 21. 0-0-0 a4 22. Rf2 Ra7 23. Rdf1 Ree7 24. dxe6 Bxe6 25. Qd3 a3 26. b3 Rad7 27. Bf3 Bh6 28. Kc2 d5 29. Nxe6 dxc4 30. Qxc4 Rxe6 31. g5 Bg7 32. Bg4 Rd4 33. Bxe6 Rxc4+ 34. Bxc4 Qd4 35. Rxf7 Qc3+ 36. Kd1 Qa1+ 37. Kc2 Qxa2+ 38. Kd3 Kh7 39. R7f2 Bb2 40. Re1 Kh8 41. Re8+ Kh7 42. Re7+ 1-0

[Event "Asia Cities-ch 17th"]
[Site "Jakarta"]
[Date "2011.04.22"]
[Round "1.1"]
[White "Alavi Hour, Homa"]
[Black "Wang, Rui"]
[Result "0-1"]
[WhiteElo "2008"]
[BlackElo "2437"]
[PlyCount "48"]
[EventDate "2011.04.22"]
[EventType "team-swiss"]
[EventRounds "9"]
[EventCountry "INA"]
[SourceTitle "CBM 142 Extra"]
[Source "ChessBase"]
[SourceDate "2011.06.27"]
[SourceVersion "1"]
[SourceVersionDate "2011.06.27"]
[SourceQuality "1"]
[WhiteTeam "Mashhad"]
[BlackTeam "Shi Jiazhuang"]
[WhiteTeamCountry "IRI"]
[BlackTeamCountry "CHN"]

1. d4 Nf6 2. c4 e6 3. Nf3 d5 4. Nc3 Be7 5. Bg5 0-0 6. e3 h6 7. Bh4 Ne4 8. Bxe7 Qxe7 9. cxd5 Nxc3 10. bxc3 exd5 11. Bd3 Be6 12. 0-0 Nd7 13. Re1 Qd6 14. Bc2 c5 15. e4 dxe4 16. Bxe4 Rab8 17. d5 Bg4 18. a4 Nf6 19. c4 Rfe8 20. Qd3 Re7 21. Bf5 Bxf3 22. Qxf3 Rbe8 23. Qc3 Qf4 24. Bh3 Qd4 0-1

[Event "WUCC op (Women) 11th"]
[Site "Zuerich"]
[Date "2010.09.07"]
[Round "4"]
[White "Alavi Hour, Homa"]
[Black "De Silva, Himeshi"]
[Result "1-0"]
[WhiteElo "1953"]
[BlackElo "1908"]
[PlyCount "49"]
[EventDate "2010.09.05"]
[EventType "swiss"]
[EventRounds "9"]
[EventCountry "SUI"]
[SourceTitle "CBM 138 Extra"]
[Source "ChessBase"]
[SourceDate "2010.10.29"]
[SourceVersion "1"]
[SourceVersionDate "2010.10.29"]
[SourceQuality "1"]

1. d4 Nf6 2. c4 g6 3. Nc3 Bg7 4. e4 d6 5. Be2 0-0 6. Bg5 Nbd7 7. Qd2 Re8 8. h4 c5 9. d5 e6 10. f3 exd5 11. Nxd5 a6 12. h5 Rb8 13. hxg6 fxg6 14. Nh3 b5 15. Rd1 bxc4 16. Bxc4 Kh8 17. Bh6 Bb7 18. Ng5 Bxd5 19. Bxd5 Ne5 20. Nxh7 Nxd5 21. Bxg7+ Kxg7 22. Qh6+ Kg8 23. Rxd5 Rb7 24. Ng5 Qf6 25. Rxd6 1-0

[Event "Wch U18 Girls"]
[Site "Vung Tau"]
[Date "2008.10.28"]
[Round "9"]
[White "Pham Thi Thu, Hien"]
[Black "Alavi Hour, Homa"]
[Result "1-0"]
[WhiteElo "2006"]
[BlackElo "1863"]
[PlyCount "125"]
[EventDate "2008.10.20"]
[EventType "swiss"]
[EventRounds "11"]
[EventCountry "VIE"]
[SourceTitle "EXT 2009"]
[Source "ChessBase"]
[SourceDate "2008.11.26"]
[SourceVersion "1"]
[SourceVersionDate "2008.11.26"]
[SourceQuality "1"]

1. e4 c6 2. d4 d5 3. exd5 cxd5 4. Bd3 Nc6 5. c3 Qc7 6. h3 e5 7. dxe5 Qxe5+ 8. Ne2 Bd6 9. Bf4 Qe7 10. 0-0 Bxf4 11. Nxf4 Qg5 12. Qf3 Nge7 13. Bb5 0-0 14. Bxc6 bxc6 15. Nd2 Bxh3 16. Nxh3 Qxd2 17. Rae1 Ng6 18. Re2 Qh6 19. Rfe1 Nh4 20. Qg4 Qf6 21. Re3 Ng6 22. Qd7 Rad8 23. Qxa7 Ra8 24. Qc5 Rxa2 25. Rf3 Qd8 26. Qxc6 f6 27. b4 Ne5 28. Qe6+ Kh8 29. Rfe3 Re8 30. Qf5 Qb6 31. Qb1 Rea8 32. Qd1 Qb5 33. Nf4 Qc4 34. Qd4 Rd8 35. Qxc4 dxc4 36. R3e2 Rxe2 37. Nxe2 Rd2 38. Kf1 Kg8 39. Rb1 Kf7 40. f3 Nd3 41. b5 Nc5 42. b6 Rd7 43. Rb5 Nb7 44. Rb4 Nd6 45. Nd4 Rb7 46. Nc6 Ke8 47. Na5 Rb8 48. Ke2 Kd7 49. Ke3 g6 50. g4 h5 51. gxh5 gxh5 52. Kf4 Rc8 53. Kg3 Nf5+ 54. Kh3 Nd6 55. Kh4 Rg8 56. Nxc4 Nf5+ 57. Kh3 Kc8 58. Rb5 Ng3 59. b7+ Kb8 60. Na5 Kc7 61. b8Q+ Rxb8 62. Rxb8 Kxb8 63. Kxg3 1-0

[Event "Wch U18 Girls"]
[Site "Vung Tau"]
[Date "2008.10.27"]
[Round "8"]
[White "Alavi Hour, Homa"]
[Black "Pham, Duc Tri1111"]
[Result "0-1"]
[WhiteElo "1863"]
[BlackElo "2090"]
[PlyCount "66"]
[EventDate "2008.10.20"]
[EventType "swiss"]
[EventRounds "11"]
[EventCountry "VIE"]
[SourceTitle "EXT 2009"]
[Source "ChessBase"]
[SourceDate "2008.11.26"]
[SourceVersion "1"]
[SourceVersionDate "2008.11.26"]
[SourceQuality "1"]

1. d4 d5 2. Nf3 Nf6 3. Bf4 e6 4. e3 c5 5. c3 Nc6 6. Nbd2 a6 7. Bd3 c4 8. Be2 Be7 9. a4 Bd7 10. h3 b5 11. Qb1 b4 12. cxb4 Bxb4 13. 0-0 0-0 14. e4 Bxd2 15. Nxd2 Nxd4 16. Bd1 Bc6 17. e5 Nd7 18. Ra3 Qh4 19. Bg4 Ne2+ 20. Bxe2 Qxf4 21. Qc2 Nxe5 22. Nf3 Rab8 23. Re1 Nxf3+ 24. Rxf3 Qd6 25. Rg3 Qb4 26. Rb1 Bxa4 27. Qc1 Rfc8 28. h4 Qe7 29. h5 Qf6 30. h6 g6 31. Rf3 Qe5 32. Re3 Qf4 33. Qc3 d4 0-1

[Event "Wch U18 Girls"]
[Site "Vung Tau"]
[Date "2008.10.24"]
[Round "6"]
[White "Saric, Zrinka"]
[Black "Alavi Hour, Homa"]
[Result "1/2-1/2"]
[WhiteElo "2003"]
[BlackElo "1863"]
[PlyCount "98"]
[EventDate "2008.10.20"]
[EventType "swiss"]
[EventRounds "11"]
[EventCountry "VIE"]
[SourceTitle "EXT 2009"]
[Source "ChessBase"]
[SourceDate "2008.11.26"]
[SourceVersion "1"]
[SourceVersionDate "2008.11.26"]
[SourceQuality "1"]

1. e4 c6 2. Nc3 d5 3. Nf3 Bg4 4. h3 Bxf3 5. Qxf3 e6 6. d3 Nd7 7. Bd2 Ngf6 8. g4 Bd6 9. g5 Ne5 10. Qe2 d4 11. gxf6 dxc3 12. Bxc3 Qxf6 13. 0-0-0 Qg5+ 14. Kb1 0-0-0 15. d4 Nd7 16. h4 Qe7 17. a3 Nb6 18. e5 Bc7 19. Bb4 Qd7 20. c4 Na4 21. c5 a5 22. Be1 Nxc5 23. Bg2 Nb3 24. d5 cxd5 25. Bxd5 Qxd5 26. Rxd5 Rxd5 27. Qc4 Rd1+ 28. Ka2 Nc1+ 29. Kb1 Nd3+ 30. Ka2 Rd8 31. Bxa5 Nc1+ 32. Qxc1 Rxc1 33. Rxc1 Rd7 34. b4 Kb8 35. Bxc7+ Rxc7 36. Rxc7 Kxc7 37. Kb3 f6 38. exf6 gxf6 39. Kc4 Kc6 40. a4 h6 41. a5 b6 42. b5+ Kb7 43. a6+ Kc7 44. h5 Kb8 45. f4 Kc7 46. Kd4 Kb8 47. f5 e5+ 48. Kd5 Kc7 49. Ke4 Kb8 1/2-1/2

[Event "Wch U20 Girls"]
[Site "Gaziantep"]
[Date "2008.08.11"]
[Round "9"]
[White "Alavi Hour, Homa"]
[Black "Paikidze, Nazi"]
[Result "1/2-1/2"]
[WhiteElo "1723"]
[BlackElo "2277"]
[PlyCount "63"]
[EventDate "2008.08.03"]
[EventType "swiss"]
[EventRounds "13"]
[EventCountry "TUR"]
[SourceTitle "CBM 125 Extra"]
[Source "ChessBase"]
[SourceDate "2008.09.01"]
[SourceVersion "1"]
[SourceVersionDate "2008.09.01"]
[SourceQuality "1"]

1. d4 d5 2. Nf3 e6 3. Bf4 Nf6 4. e3 c5 5. c3 Nc6 6. Nbd2 Be7 7. Bd3 Qb6 8. Qc2 cxd4 9. exd4 h6 10. 0-0 0-0 11. Ne5 Nxe5 12. dxe5 Nd7 13. Rae1 Nc5 14. Be2 Bd7 15. Be3 Qc7 16. Nf3 b6 17. c4 dxc4 18. Qxc4 Qb7 19. Qg4 Qe4 20. Qxe4 Nxe4 21. Nd4 Nc5 22. Rc1 Rac8 23. b4 Na4 24. a3 Nc3 25. Ba6 Rc7 26. Bd2 Nd5 27. Rxc7 Nxc7 28. Bd3 Rc8 29. Rc1 Nd5 30. Rxc8+ Bxc8 31. Nc6 a6 32. Nxe7+ 1/2-1/2

[Event "Wch U20 Girls"]
[Site "Gaziantep"]
[Date "2008.08.04"]
[Round "2"]
[White "Shamima, Akter Liza"]
[Black "Alavi Hour, Homa"]
[Result "0-1"]
[WhiteElo "2099"]
[BlackElo "1723"]
[PlyCount "102"]
[EventDate "2008.08.03"]
[EventType "swiss"]
[EventRounds "13"]
[EventCountry "TUR"]
[SourceTitle "CBM 125 Extra"]
[Source "ChessBase"]
[SourceDate "2008.09.01"]
[SourceVersion "1"]
[SourceVersionDate "2008.09.01"]
[SourceQuality "1"]

1. d4 d5 2. c4 c6 3. Nf3 Nf6 4. Nc3 e6 5. e3 Nbd7 6. Qc2 Bd6 7. Bd3 dxc4 8. Bxc4 e5 9. 0-0 0-0 10. h3 Qe7 11. Bb3 b6 12. Ng5 Bb7 13. dxe5 Nxe5 14. f4 Ng6 15. e4 Bc5+ 16. Kh2 Nh5 17. e5 Ba6 18. Rf3 Bd4 19. Qe4 Rad8 20. g4 Nhxf4 21. Bxf4 Bxe5 22. Bxe5 Qxg5 23. Bf4 Nxf4 24. Qxf4 Qxf4+ 25. Rxf4 Rd2+ 26. Kg1 g5 27. Rf5 h6 28. Rd1 Rxb2 29. Rd7 Bc8 30. Rfxf7 Bxd7 31. Rxd7+ Kh8 32. Ne4 Re8 33. Rh7+ Kxh7 34. Nf6+ Kg6 35. Nxe8 b5 36. Nd6 a6 37. Nb7 Kf6 38. Kh1 Ke5 39. Nc5 Kd4 40. Nxa6 c5 41. Nc7 c4 42. Nxb5+ Kc5 43. Nc3 cxb3 44. axb3 Rxb3 45. Ne4+ Kd4 46. Nd6 Ke3 47. Nf5+ Kf4 48. Kg2 h5 49. Ng7 Rb2+ 50. Kf1 hxg4 51. Ne6+ Kg3 0-1

[Event "IRI-ch (Women)"]
[Site "Tehran"]
[Date "2008.02.26"]
[Round "11"]
[White "Hejazipour, Mitra"]
[Black "Alavi Hour, Homa"]
[Result "1-0"]
[WhiteElo "2114"]
[BlackElo "1632"]
[PlyCount "81"]
[EventDate "2008.02.16"]
[EventType "tourn"]
[EventRounds "11"]
[EventCountry "IRI"]
[SourceTitle "CBM 123 Extra"]
[Source "ChessBase"]
[SourceDate "2008.05.06"]
[SourceVersion "1"]
[SourceVersionDate "2008.05.06"]
[SourceQuality "1"]

1. d4 Nf6 2. c4 e6 3. Nc3 Bb4 4. Qc2 c5 5. dxc5 Bxc5 6. Nf3 Qb6 7. e3 0-0 8. Bd3 Be7 9. 0-0 d6 10. a3 Nbd7 11. b4 a5 12. Rb1 Qc7 13. Nb5 Qb8 14. e4 b6 15. Bf4 Bb7 16. Rfe1 Ne5 17. Nxe5 dxe5 18. Be3 axb4 19. axb4 Bc6 20. c5 Rc8 21. f3 Nd7 22. Rec1 Bb7 23. Qf2 Ba6 24. c6 Nf6 25. Bxb6 Ne8 26. Ba7 Bxb5 27. Bxb8 Bxd3 28. Rb3 Raxb8 29. Rxd3 Bxb4 30. h3 Ba5 31. Kh2 Bb6 32. Qc2 Bd4 33. Rb3 Ra8 34. Rb7 h5 35. h4 g6 36. Qb3 Nd6 37. Rd7 Rab8 38. Qxb8 Rxb8 39. Rxd6 Be3 40. c7 Rc8 41. Rc2 1-0

[Event "IRI-ch (Women)"]
[Site "Tehran"]
[Date "2008.02.25"]
[Round "10"]
[White "Alavi Hour, Homa"]
[Black "Hemmatizadeh, Nina"]
[Result "0-1"]
[WhiteElo "1632"]
[BlackElo "1915"]
[PlyCount "124"]
[EventDate "2008.02.16"]
[EventType "tourn"]
[EventRounds "11"]
[EventCountry "IRI"]
[SourceTitle "CBM 123 Extra"]
[Source "ChessBase"]
[SourceDate "2008.05.06"]
[SourceVersion "1"]
[SourceVersionDate "2008.05.06"]
[SourceQuality "1"]

1. d4 Nf6 2. Nf3 c5 3. d5 b5 4. a4 b4 5. c4 bxc3 6. bxc3 d6 7. e3 g6 8. Bb5+ Bd7 9. 0-0 Bg7 10. Re1 0-0 11. e4 Qa5 12. Bd3 Ng4 13. Bd2 c4 14. Bf1 Qb6 15. Qe2 Qb2 16. Na3 Qb7 17. Nxc4 Bc8 18. Ne3 Nf6 19. Nc2 Qc7 20. Ncd4 a6 21. Qc4 Qa5 22. Rab1 Bd7 23. Rb4 Rc8 24. Qa2 Be8 25. Bd3 Nfd7 26. c4 Qc7 27. Bf4 Qc5 28. Rbb1 Bxd4 29. Qe2 Ne5 30. Red1 Bxa4 31. Rd2 Nxf3+ 32. Qxf3 Nd7 33. Ra2 Nb6 34. Bd2 Be8 35. Bb4 Qc7 36. Ba5 Qa7 37. Qe2 Nd7 38. h4 Ne5 39. h5 Bxf2+ 40. Kh2 Bd4 41. h6 Nxd3 42. Qxd3 Be5+ 43. Kh1 Qd4 44. Qf3 Rxc4 45. Re2 Ra4 46. Be1 a5 47. Bf2 Qc3 48. Re3 Qc2 49. Rf1 Rb8 50. Re2 Qc4 51. Bh4 Rb3 52. Qg4 Qc7 53. Bg5 Bb5 54. Rc1 Rc3 55. Ree1 Rac4 56. Rb1 Rb4 57. Ra1 Rg3 58. Rxa5 Ba6 59. Rc1 Qxc1+ 60. Bxc1 Rxg4 61. Rxa6 Rb8 62. Ra4 Bf4 0-1

[Event "IRI-ch (Women)"]
[Site "Tehran"]
[Date "2008.02.22"]
[Round "7"]
[White "Alavi Hour, Homa"]
[Black "Hakimifard, Ghazal"]
[Result "0-1"]
[WhiteElo "1632"]
[BlackElo "2066"]
[PlyCount "90"]
[EventDate "2008.02.16"]
[EventType "tourn"]
[EventRounds "11"]
[EventCountry "IRI"]
[SourceTitle "CBM 123 Extra"]
[Source "ChessBase"]
[SourceDate "2008.05.06"]
[SourceVersion "1"]
[SourceVersionDate "2008.05.06"]
[SourceQuality "1"]

1. d4 Nf6 2. Nf3 e6 3. e3 c5 4. Bd3 Be7 5. c3 b6 6. e4 Bb7 7. Qe2 d6 8. Bf4 Nbd7 9. Nbd2 Qc7 10. h3 Rc8 11. 0-0 0-0 12. Rad1 Rfe8 13. Bg3 Bf8 14. e5 dxe5 15. dxe5 Nd5 16. Ng5 g6 17. h4 Bg7 18. Nc4 Rf8 19. Nd6 Rcd8 20. Ndxf7 Ra8 21. Nxe6 Qc6 22. Nxf8 Nxc3 23. Qf3 Nxd1 24. Qxc6 Bxc6 25. Nxd7 Nxb2 26. Be2 Kxf7 27. Bg4 Bd5 28. f4 Be6 29. f5 gxf5 30. Bh5+ Ke7 31. Nf6 Bxf6 32. exf6+ Kxf6 33. Re1 Nd3 34. Re3 c4 35. Bh2 Rd8 36. Kf1 c3 37. Bd1 Bxa2 38. Bc2 Bc4 39. Kg1 Kf7 40. Rf3 Kf6 41. g4 Rd5 42. Kh1 b5 43. Bg1 b4 44. Bxa7 b3 45. Bxd3 Bxd3 0-1

[Event "Wch U18 Girls"]
[Site "Kemer"]
[Date "2007.11.19"]
[Round "2"]
[White "Alavi Hour, Homa"]
[Black "Hrenic, Misa"]
[Result "0-1"]
[WhiteElo "1598"]
[BlackElo "1982"]
[PlyCount "34"]
[EventDate "2007.11.18"]
[EventType "swiss"]
[EventRounds "11"]
[EventCountry "TUR"]
[SourceTitle "CBM 121 Extra"]
[Source "ChessBase"]
[SourceDate "2008.01.10"]
[SourceVersion "1"]
[SourceVersionDate "2008.01.10"]
[SourceQuality "1"]

1. d4 Nf6 2. Nf3 e6 3. Bg5 d5 4. e3 Be7 5. Bd3 Nbd7 6. Nbd2 b6 7. c3 Bb7 8. Qc2 h6 9. Bh4 0-0 10. Bg3 c5 11. h3 Rc8 12. Ne5 a6 13. f4 Nh5 14. Nf1 c4 15. Bh7+ Kh8 16. f5 Nxg3 17. fxe6 Nxh1 0-1